Retrouvez ces joueurs de football #3 - Statistiques

Statistiques générales
  • Ce quiz a été pris 1 034 fois
  • Le résultat moyen est 10 sur 15
Statistiques - réponses
Par images Réponse % Correct
Antonio Rüdiger
86%
Franck Kessié
84%
Alexander Isak
80%
David Silva
79%
Richarlison
77%
Vincent Kompany
76%
Xherdan Shaqiri
75%
Mario Götze
71%
Willian
65%
Ivan Rakitic
64%
Valère Germain
61%
Shinji Kagawa
59%
Simon Kjaer
59%
Serge Aurier
57%
Mario Mandzukic
53%
Aucun quiz correspondant
Distribution des résultats
% des personnes avec chaque résultat
Percentile par nombre de réponses
Votre historique - résultats
Vous n’avez pas pris ce quiz